[Event "Mexico City Independence Cup 11th"]
[Site "Mexico City"]
[Date "2022.09.16"]
[Round "4"]
[White "Malka, Samuel"]
[Black "Ramirez Padilla, Miguel Angel"]
[Result "1-0"]
[WhiteElo "2256"]
[BlackElo "2015"]
[PlyCount "111"]
[EventDate "2022.09.14"]
[EventType "tourn"]
[EventRounds "7"]
[EventCountry "MEX"]
[SourceTitle "CBM 210 Extra"]
[Source "ChessBase"]
[SourceDate "2022.11.30"]
[SourceVersion "1"]
[SourceVersionDate "2022.11.30"]
[SourceQuality "1"]

1. d4 Nf6 2. c4 g6 3. Nc3 Bg7 4. e4 d6 5. Nf3 0-0 6. Be2 e5 7. 0-0 Nc6 8. d5 Ne7 9. Ne1 Nd7 10. Nd3 f5 11. f3 f4 12. b4 g5 13. c5 Ng6 14. a4 Nf6 15. a5 h5 16. Nf2 Rf7 17. c6 Bf8 18. b5 b6 19. axb6 cxb6 20. g4 hxg4 21. fxg4 Rh7 22. h3 Qc7 23. Qd3 Nh8 24. Kg2 Nf7 25. Ra4 Nh6 26. Rg1 Kh8 27. Ncd1 Be7 28. Nb2 Bd8 29. Bd2 Nfg8 30. Rga1 Ne7 31. Qa3 a5 32. bxa6 Ng6 33. Bb5 Nh4+ 34. Kf1 Ra7 35. Nc4 Nf7 36. Qb3 Qe7 37. Na3 Qf6 38. Bc4 Nh6 39. Nb5 Ra8 40. R1a3 f3 41. Qb4 Bc7 42. Nxc7 Rxc7 43. a7 Nxg4 44. hxg4 Ng2 45. Qxb6 Rh7 46. Qb8 Rh1+ 47. Nxh1 Qh6 48. Nf2 Qh2 49. Qxa8 Nf4 50. Qxc8+ Kg7 51. Qc7+ Kh6 52. Qxd6+ Kh7 53. Qe7+ Kh6 54. Qf6+ Kh7 55. Bxf4 gxf4 56. Qf7+ 1-0

[Event "Mexico City Latinoamericano op 1st"]
[Site "Mexico City"]
[Date "2021.11.07"]
[Round "6"]
[White "Ramirez Padilla, Miguel Angel"]
[Black "Sainz Aguirre, Ignacio"]
[Result "1-0"]
[WhiteElo "2062"]
[BlackElo "1872"]
[PlyCount "71"]
[EventDate "2021.11.04"]
[EventType "swiss"]
[EventRounds "9"]
[EventCountry "MEX"]
[SourceTitle "EXT 2023"]
[Source "ChessBase"]
[SourceDate "2022.10.05"]
[SourceVersion "1"]
[SourceVersionDate "2022.10.05"]
[SourceQuality "1"]

1. e4 e6 2. d4 d5 3. Bd3 dxe4 4. Bxe4 c5 5. Ne2 Nf6 6. Bf3 Nc6 7. Be3 e5 8. Bxc6+ bxc6 9. dxe5 Qxd1+ 10. Kxd1 Ng4 11. Nd2 Bf5 12. Ng3 Bg6 13. Nc4 0-0-0+ 14. Kc1 Rd5 15. f4 Be7 16. b3 f6 17. f5 Be8 18. e6 g6 19. h3 Nxe3 20. Nxe3 Re5 21. Nc4 Rd5 22. Rd1 gxf5 23. Rxd5 cxd5 24. Nxf5 dxc4 25. Nxe7+ Kd8 26. Nd5 Bc6 27. bxc4 Bxd5 28. cxd5 Kc7 29. Kd2 Rg8 30. g4 h5 31. Rg1 Rg5 32. c4 f5 33. Ke3 fxg4 34. Kf4 Rg8 35. hxg4 Rf8+ 36. Ke4 1-0